• 首页
  • 本馆介绍
  • 公告通知
  • 最新文献
  • 馆藏检索
  • 电子资源
  • 读者导购
  • 参考咨询
  • 我的图书馆
  • 登录
  • 详细信息显示
  • 放入我的书架
  • 预约/预借图书
  • 作者相关作品
  • 分类相关作品
  • 丛书相关作品
  • 出版社相关作品

书目信息

  • 表格格式
  • 工作单格式
  • 卡片格式
题名:
口腔护理技术
    
 
作者: 戴艳梅 , 刘巧玲 主编
分册:  
出版信息: 北京   北京科学技术出版社  2020
页数: 296页
开本: 26cm
丛书名:
单 册:
中图分类: R473.78
科图分类:
主题词: 口腔科学--护理学--职业教育--教材
电子资源:
ISBN: 978-7-5714-0952-4
000 00966nam0 2200253 450
001 2146792756
005 20211119125959.88
010    @a978-7-5714-0952-4@dCNY88.00
100    @a20201111d2020 em y0chiy50 ea
101 0  @achi
102    @aCN@b110000
105    @aa z 000yy
200 1  @a口腔护理技术@9kou qiang hu li ji shu@f戴艳梅,刘巧玲主编
205    @a2版
210    @a北京@c北京科学技术出版社@d2020
215    @a296页@c彩图,彩照@d26cm
300    @a全国卫生职业教育实验实训规划教材 供口腔医学、口腔医学技术、口腔护理等专业使用
330    @a本书共二十六个实训内容,具体包括:口腔门诊患者接诊流程;口腔四手操作技术;口腔保健方法指导;口腔重复使用器械消毒灭菌技术;职业暴露的预防及应急处理;口腔常用材料调拌技术;石膏模型灌注技术等。
606 0  @a口腔科学@x护理学@x职业教育@j教材
690    @aR473.78@v5
701  0 @a戴艳梅@9dai yan mei@4主编
701  0 @a刘巧玲@9liu qiao ling@4主编
801  0 @aCN@b91MARC@c20210121
905    @aZUCC@dR473.78@e3
    
    口腔护理技术/戴艳梅,刘巧玲主编.-2版.-北京:北京科学技术出版社,2020
    296页:彩图,彩照;26cm
    全国卫生职业教育实验实训规划教材 供口腔医学、口腔医学技术、口腔护理等专业使用
    
    ISBN 978-7-5714-0952-4:CNY88.00
    本书共二十六个实训内容,具体包括:口腔门诊患者接诊流程;口腔四手操作技术;口腔保健方法指导;口腔重复使用器械消毒灭菌技术;职业暴露的预防及应急处理;口腔常用材料调拌技术;石膏模型灌注技术等。
●
相关链接 在五车中查询图书 在当当中查询图书 在豆瓣中查询图书


正题名:口腔护理技术     索取号:R473.78/3         预约/预借

序号 登录号 条形码 馆藏地/架位号 状态 备注
1 2000891287   2000891287   第三书库/ [索取号:R473.78/3] 在馆    
2 2000891288   2000891288   第三书库/ [索取号:R473.78/3] 在馆    
3 2000891289   2000891289   第三书库/ [索取号:R473.78/3] 在馆    
山东省滨州职业学院图书馆 欢迎您!
大连网信软件有限公司© 版权所有